[Event "FRA-chT 0102 U18"]
[Site "France"]
[Date "2002.01.05"]
[Round "5.5"]
[White "Bressac, Stephane"]
[Black "Merckling, Arnaud"]
[Result "0-1"]
[WhiteElo "1360"]
[BlackElo "1330"]
[PlyCount "67"]
[EventDate "2001.10.??"]
[EventType "team"]
[EventRounds "11"]
[EventCountry "FRA"]
[SourceTitle "EXT 2003"]
[Source "ChessBase"]
[SourceDate "2002.11.25"]
[SourceVersion "1"]
[SourceVersionDate "2002.11.25"]
[SourceQuality "1"]
[WhiteTeam "Nice"]
[BlackTeam "Neuilly"]
[WhiteTeamCountry "FRA"]
[BlackTeamCountry "FRA"]

1. e4 e5 2. Nf3 Nc6 3. Nc3 Nf6 4. Bb5 Bc5 5. 0-0 0-0 6. d3 d6 7. Bg5 Be6 8. Re1 h6 9. Bh4 a6 10. Ba4 b5 11. Bb3 b4 12. Bxe6 fxe6 13. Na4 Ba7 14. c3 bxc3 15. Nxc3 Qb8 16. Qb3 Qe8 17. Qb7 Bb6 18. Bxf6 Rxf6 19. Nd5 exd5 20. exd5 Na5 21. Qxa8 Qxa8 22. b4 Nb7 23. Re2 Rg6 24. Rae1 Nd8 25. Nh4 Rf6 26. Kh1 Qxd5 27. Rd1 Qb5 28. Red2 Qa4 29. Re1 Qxb4 30. Rdd1 d5 31. Re2 Qa4 32. Rde1 Bxf2 33. Rb1 Bxh4 34. Rxe5 0-1

[Event "FRA-chT 0102 U18"]
[Site "France"]
[Date "2001.11.24"]
[Round "1.6"]
[White "Merckling, Arnaud"]
[Black "Phanekham, Cyril"]
[Result "0-1"]
[WhiteElo "1330"]
[BlackElo "1650"]
[PlyCount "88"]
[EventDate "2001.10.??"]
[EventType "team"]
[EventRounds "11"]
[EventCountry "FRA"]
[SourceTitle "EXT 2003"]
[Source "ChessBase"]
[SourceDate "2002.11.25"]
[SourceVersion "1"]
[SourceVersionDate "2002.11.25"]
[SourceQuality "1"]
[WhiteTeam "Neuilly"]
[BlackTeam "Creteil"]
[WhiteTeamCountry "FRA"]
[BlackTeamCountry "FRA"]

1. e4 e6 2. d4 d5 3. e5 c5 4. c3 Nc6 5. Be3 Qb6 6. Nf3 cxd4 7. Bxd4 Nxd4 8. cxd4 Qxb2 9. Nbd2 a6 10. Nb3 Bb4+ 11. Nfd2 Bxd2+ 12. Nxd2 Qxd4 13. Nf3 Qxd1+ 14. Rxd1 Ne7 15. g3 Bd7 16. Bg2 Bb5 17. Nd4 Nc6 18. Nxb5 axb5 19. 0-0 0-0 20. Ra1 Nxe5 21. Rfe1 Nc4 22. Reb1 Ra5 23. Bf1 Rb8 24. Bxc4 bxc4 25. Rb6 g6 26. h4 Ra6 27. Rb5 b6 28. g4 Ra5 29. a4 Rxb5 30. axb5 c3 31. h5 gxh5 32. gxh5 h6 33. Rc1 d4 34. Kf1 Rc8 35. Ke1 d3 36. Kd1 e5 37. f3 f5 38. Ra1 e4 39. fxe4 fxe4 40. Rc1 e3 41. Ke1 d2+ 42. Ke2 dxc1Q 43. Kf3 Rf8+ 44. Ke2 Qd2# 0-1